000 00885nas a2200253 4500
001 BR9200680
003 BR-BrBNA
005 20231205092306.0
007 ta
008 230509b bl.|||p| |||| 00| 00por d
040 _aBR-BrBNA
_bpor
_cBiblioteca Nacional de Agricultura
041 _a(Pt)
072 _aF30; H20
100 1 _aHojo, H.
100 1 _aSilva, N. da
100 1 _aPavan, M.A.
245 1 _aTriagem de cultivares e hibridos de melancia para resistencia ao virus do mosaico do mamoeiro - estirpe melancia (VMM-Me)
246 1 _aScreening of watermelon cultivars and hybrids for resistance to papaya ringspot virus - watermelon strain
650 _aMELANCIA
650 _aMOSAICO
773 0 _tSumma Phytopathologica (Brazil)
_xISSN 0100-5405
_g(Apr-Jun 1991), v. 17(2) p. 113-118
_wBR9200680
909 _a202311
_bLúcia
_c55
_dLúcia Elande
942 _2AGRIS
_n0
_cANA
999 _c130708
_d130708